| 000 | 00000nam 2200000za 4500 |
| 001 | 9.694598 |
| 003 | CaOODSP |
| 005 | 20250307092324 |
| 007 | cr ||||||||||| |
| 008 | 150407|2008||||xxc|||||o f|0| 0 eng d |
| 040 | |aCaOODSP|beng |
| 043 | |an-cn--- |
| 086 | 1 |aFR5-54/2008E-PDF |
| 110 | 1 |aCanada. |bForeign Affairs and International Trade Canada. |
| 245 | 10|aNational reports on implementation of commitments from the fourth Summit of the Americas (Canada, January 2007-December 2007) |h[electronic resource] |
| 260 | |aOttawa - Ontario : |bForeign Affairs and International Trade |c26 February 2008. |
| 300 | |a13p. |
| 590 | |a11-07-Supp|b2011-05-17 |
| 690 | 07|aForeign policy|2gcpds |
| 775 | 08|tRapports nationaux sur la mise en oevre des engagements du quatrième Sommet des Amériques (Canada, janvier 2007-décembre 2007) |w(CaOODSP)9.638772 |
| 775 | 08|t[National reports on implementation of commitments from the fourth Summit of the Americas (Canada, January 2007-December 2007)] |w(CaOODSP)9.675281 |
| 795 | |tNational report of Canada on the implementation of commitments from the fourth Summit of the Americas |w(CaOODSP)9.694596 |
| 856 | 40|ahttp://publications.gc.ca|qPDF|s98 KB|uhttps://publications.gc.ca/collections/collection_2011/aecic-faitc/FR5-54-2008-eng.pdf |